| 000 | 01005nam a2200277 a 4500 | ||
|---|---|---|---|
| 008 | 951121s1989||||[C 0 slo c | ||
| 020 |
_a8022200298 _c80 Kčs. _q(2500 výtl.) |
||
| 040 |
_aSNK _bslo _cSNK _eAACR2 |
||
| 041 | 1 |
_aslo _hslo |
|
| 044 |
_axo _cSK |
||
| 080 | _a75.033.5:246.1(437.6) | ||
| 080 | _a246.1(437.6) | ||
| 080 | _a730.033.5 | ||
| 080 | _a246.1(437.6) | ||
| 100 | 1 |
_aCidlinská, Libuše _4aut |
|
| 245 | 1 | 0 |
_aGotické krídlové oltáre na Slovensku _cLibuše Cidlinská ; Jana Kubánková, Ján Sláma, Oľga Nováková, Jana Holzerová |
| 250 | _a1., vyd. | ||
| 260 |
_aBratislava _bTatran _c1989 _eMartin _fTlačiarne SNP |
||
| 300 |
_a228 s., 35,13 AH _bSch. _c33 cm |
||
| 500 | _aLit. 152. Fot. na front. Mimo edície. Rus., nem. a angl. res. Zozn. 152 zázn. v slov., češ., nem., angl., franc., maď. a poľ. | ||
| 700 | 1 |
_aKubánková, Jana _4bkd |
|
| 700 | 1 |
_aSláma, Ján _4bkd |
|
| 700 | 1 |
_aNováková, Oľga _4bkd |
|
| 700 | 1 |
_aHolzerová, Jana _4oth |
|
| 958 | _aA | ||
| 999 |
_c15001 _d15001 |
||